Né le même jour mais qui est... 1ère série - Statistiques

Statistiques générales
  • Ce quiz a été pris 35 fois
    25 depuis la dernière actualisation
  • Le résultat moyen est 15 sur 30
Statistiques - réponses
Question Réponse % Correct
9 janvier - Le/la plus jeune Lara Fabian
83%
15 août - Le plus vieux Alain Juppé
67%
1er décembre - La plus vieille Bette Midler
67%
14 janvier - Le ou le plus jeune Flora Coquerel
67%
4 octobre - Le/la plus jeune Najat Vallaud-Belkacem
67%
12 juillet - Le/la plus jeune Patrick Puydebat
67%
20 février - Le ou la plus jeune Rihanna
67%
19 février - Le plus jeune Steevy Boulay
67%
12 décembre - Le ou la plus jeune Tal
67%
9 août - La plus âgée Anémone
50%
18 mars - Le/la plus vieux/vieille Arlette Laguiller
50%
23 septembre - Le plus vieux Bruno Solo
50%
1er février - Le/la plus vieux/vieille Claude François
50%
25 juillet - Le/la plus vieux/vieille Claude Zidi
50%
15 avril - Le/la seul(e) décédé(e) avant le 1er mars 2023 Dodi Al-Fayed
50%
5 décembre - La plus jeune Julie Ferrier
50%
13 octobre - Le/la plus vieux/vieille Margaret Thatcher
50%
21 mars - Le/la plus vieux/vieille Marie-Christine Barrault
50%
5 août - Le/la plus jeune Marine Le Pen
50%
15 janvier - Le/la plus vieux/vieille Molière
50%
26 janvier - Le premier à nous avoir quitté Patrick Dewaere
50%
26 juin - Le/la plus vieux/vieille Véronique Genest
50%
17 mai - Le/la plus jeune Géraldine Giraud
33%
26 octobre - Le ou la seule né(e) dans les années 1940 Hillary Clinton
33%
18 décembre - Le/la plus jeune Katie Holmes
33%
25 décembre - Le ou la plus vieille Noël Mamère
33%
16 septembre - Le/la plus vieux/vieille Christian Cabrol
17%
22 septembre - Le/la plus vieux/vieille Ségolène Royal
17%
4 mars - Le/la plus jeune Thierry Pastor
17%
28 décembre - Le premier né Dany Brillant
0%
Aucun quiz correspondant
Distribution des résultats
% des personnes avec chaque résultat
Percentile par nombre de réponses
Votre historique - résultats
Vous n’avez pas pris ce quiz depuis la dernière actualisation